00858njm a2200265Ia 450000100060000000300090000600500170001500800410003204000130007304000130008604100130009910000170011210000180012910000380014724500430018525000110022826000090023926000340024830000100028250000640029250500430035665000550039970000610045470000770051527409IT-RoPAU20220918181152.0131025s9999 xx 000 0 und d aIT-RoPAU cIT-RoPAU aITALIANO aPassarino R. eAutore musica gCodice autore musica SPICS: 13162 aRumba del Katanga (La)-La mucca felice a1a ed. aROMA bEP - MUSICALI E DISCOGRAFICHE aDISCO aCanti ricreativi per bambini e per la scuola. Disco 45 giri aLa rumba del Katanga - La mucca felice aCANTI BAMBINI [DISCHI]eCodice MATERIA SPICS: 9950 aRuffino Maria GraziaeAutoregCodice autore SPICS: 13065 aVuolo D.eAutore testo e musicagCodice autore testo/musica SPICS: 28278